Normal view MARC view
  • Tanveer, Dua

Entry Personal Name

Number of records used in: 1

001 - CONTROL NUMBER

  • control field: 130856

003 - CONTROL NUMBER IDENTIFIER

  • control field: NUST

005 - DATE AND TIME OF LATEST TRANSACTION

  • control field: 20251003122509.0

008 - FIXED-LENGTH DATA ELEMENTS

  • fixed length control field: 251003|| aca||aabn | a|a d

040 ## - CATALOGING SOURCE

  • Original cataloging agency: NUST
  • Transcribing agency: NUST

100 ## - HEADING--PERSONAL NAME

  • Personal name: Tanveer, Dua

670 ## - SOURCE DATA FOUND

  • Source citation: Work cat.: (NUST): Tanveer, Dua , A Secure Key Exchange and Authentication Scheme for Drone Swarms/
© 2023 Central Library, National University of Sciences and Technology. All Rights Reserved.